000 00371nam a22001577a 4500
003 OSt
005 20240709112236.0
008 240709b |||||||| |||| 00| 0 eng d
020 _a0195211073
040 _cMUST
082 _a338.9 WOR 1996
245 _aFrom plan to market
300 _aix, 241p.
_bill. (some col.)
_c25cm
650 _2Marketing
942 _2ddc
_cO_SHELF
999 _c9105
_d9105